000 03269nam a2200349 4500
003 EC-UNACH
005 20260402095812.0
006 s||||gr|||| 00| 00
008 150116t9999 mx r gr 000 0 spa d
020 _a978-9942-584-05-2
040 _aEC-UNACH
_cEC-UNACH
041 _aspa
082 0 4 _223
_a351
_bL018620
100 _aAlvarado Vélez, Julio Adrián
245 _aServicios públicos en Ecuador: Regulación y prestación en el sector eléctrico
250 _aPrimera edición
264 _aRiobamba - Ecuador
_bUniversidad Nacional de Chimborazo
_c2025
264 _aProducción UNACH
300 _a186 páginas
_bfiguras, tablas
501 _aLos servicios públicos, entendidos como aquellas actividades y prestaciones que el Estado proporciona a los ciudadanos en aras del bienestar común, constituyen una de las manifestaciones más tangibles y directas del ejercicio del poder estatal. En este sentido, esta obra se enfoca en el abordaje del servicio público del sector eléctrico del Ecuador. Entre los principales hallazgos, se evidencia que el servicio público de energía eléctrica es fundamental para el desarrollo socioeconómico del país, al impulsar todos los sectores de la economía, lo que optimiza la producción y la competitividad económica, así como contribuye significativamente a mejorar la calidad de vida de los ciudadanos. Asimismo, se observa la importancia de la transparencia y la coherencia en la regulación del sector, al destacar cómo la alineación entre las directrices políticas y la regulación técnica puede mejorar la implementación de políticas energéticas, promover inversiones adecuadas y fomentar la estabilidad del suministro eléctrico. Además, el impacto de los subsidios y compensaciones otorgados por el Estado a sectores vulnerables y productivos enfatiza la necesidad de que estos sean sostenibles desde el punto de vista fiscal y lleguen a quienes más los necesitan. Finalmente, se evidencia que las sanciones por infracciones graves cometidas por empresas, consumidores y terceros para desalentar conductas que pongan en riesgo la seguridad y confiabilidad del sistema eléctrico, sirven como instrumentos que refuerzan el cumplimiento normativo y protegen la infraestructura crítica del sector, al asegurar un suministro de energía confiable y seguro para el desarrollo sostenible del país
505 _aCapítulo 1: Introducción a los servicios públicos -- Capítulo 2: Marco legal y regulatorio del sector eléctrico del Ecuador -- Prestación del servicio público de energía eléctrica en Ecuador -- Capítulo 4: Régimen económico, tarifario y sancionatorio del sector eléctrico del Ecuador -- Capítulo 5: Discusión y conclusiones.
650 _aSERVICIO DE UTILIDAD PÚBLICA
650 _aENERGÍA ELÉCTRICA
650 _aADMINISTRACIÓN PÚBLICA
650 _aSECTOR PÚBLICO
650 _aOBRAS PÚBLICA
856 _uhttps://editorial.unach.edu.ec/index.php/Editorial/catalog/book/282
_yLibro Digital - Servicios públicos en Ecuador: Regulación y prestación en el sector eléctrico
942 _2ddc
_cEBOOK
999 _c14482